01385nab a22002417a 4500999001500000003000400015005001700019008004100036040000700077100003700084245015000121260007300271300001500344500003500359505037300394505008100767650002300848650003100871650002800902650004400930773015600974942001301130 c6409d6409OSt20260202114124.0190429b xxu||||| |||| 00| 0 spa d cPJ 97045aOlivera, Romina del Carmen13aCompliance y prevención del lavado de activos. ¿Qué rol asumen las nuevas tecnologías en el contexto actual? /cRomina del Carmen Olivera. cCiudad Autónoma de Buenos Aires :aThomson Reuters La Ley, b2023. ap. 160-172 aCita Online: AR/DOC/2801/2023. aSumario: I. Introducción.— II. Primeras aproximaciones al lavado de activos y la financiación del terrorismo.— III. Los sujetos obligados: deberes y desafíos a enfrentar.— IV. Las nuevas tecnologías aplicadas a la PLAyFT: una mirada internacional.— V. RegTech: las nuevas tecnologías optimizando las tareas de PLAyFT.— VI. Consideraciones finales.  tSi te interesa el texto completo, solicitalo a koha@justierradelfuego.gov.ar 09343aDERECHO PENAL 092812aDELITOS ECONÓMICOS 0aLAVADO DE ACTIVOS93064 0aNUEVAS TECNOLOGIAS DE INFORMACION940230 0265893164tRevista de derecho penal y criminología. Nº 7 - Agosto 2023dCiudad Autónoma de Buenos Aires : Thomson Reuters La Ley, 2017-x00347914 2udccANA